=LDR 00000nam 2200000 4500 =001 INLIS000000000026698 =005 20130612125126 =008 ***********************************ind** =035 ##$$0010-061300000026698 =041 ##$$a ind =082 ##$$a 2x9 =090 ##$$a 2x9, QAR d =100 ##$$a Al-Qaradhawi Yusuf =245 ##$$a Distorsi sejarah Islam, Yusuf Al-Qaradhawi; penerjemah, Aris Munandar Riswanto; editor, Abduh Zulfikar Akahar =260 ##$$a 2005 $b Jakarta =300 ##$$a xvi, 318 hlm., 23 cm =650 ##$$a Islam =650 ##$$a Sejarah =700 ##$$a Riswanto, Arif Munandar =850 ##$$a NBPNMAT